000 00227nam a22000857a 4500
008 160824b xxu||||| |||| 00| 0 eng d
100 _9233
_b Shamsi, K.N., et al
245 _aComputers Update - 1
260 _aNe Delhi
_b Cordova
_c2006
999 _c2888
_d2888